[Event "Toronto Candidates Blitz op"]
[Site "Toronto"]
[Date "2024.04.08"]
[Round "1"]
[White "Yu, Christopher"]
[Black "Tari, Aryan"]
[Result "0-1"]
[WhiteElo "1697"]
[BlackElo "2634"]
[PlyCount "56"]
[EventDate "2024.04.08"]
[EventType "swiss (blitz)"]
[EventRounds "9"]
[EventCountry "CAN"]
[SourceTitle "CB16_2024"]
[SourceDate "2024.04.17"]
[SourceVersion "1"]
[SourceVersionDate "2024.04.17"]
[SourceQuality "1"]

1. e4 c6 2. d4 d5 3. Nc3 dxe4 4. Nxe4 Nf6 5. Nxf6+ exf6 6. Nf3 Bd6 7. Bd3 0-0 8. 0-0 Re8 9. h3 Nd7 10. c4 Nf8 11. Bd2 Be6 12. Re1 Rc8 13. Rc1 Bb8 14. Bc3 Ng6 15. Bxg6 hxg6 16. b3 Qd7 17. Qd3 g5 18. Rc2 Bf5 19. Rxe8+ Rxe8 20. Qd2 Bxc2 21. Qxc2 g4 22. hxg4 Qxg4 23. Qd2 Qe4 24. Qd1 Qe2 25. Qb1 Bf4 26. Be1 g5 27. Qf5 Qxe1+ 28. Nxe1 Rxe1# 0-1